تذكرة المهندسين وتبصرة الراغبين / Tadhkirat al-muhandisīn wa-tabṣirat al-rāghibīn

محفوظ في:

المؤلف الرئيسي: Alī Mubārak.

التنسيق: كتاب

اللغة: Undetermined

منشور في: Cairo Maṭbaʻat al-Madāris al-Malakīyah, 1876

سلاسل: Harvard College Library preservation digitization program

الموضوعات:

الوسوم: إضافة وسم

لا توجد وسوم, كن أول من يضع وسما على هذه التسجيلة!

رقم الطلب: (R)Q20 MUBA

LEADER 00791nam a2200193Ia 4500
008 240404s9999||||xx |||||||||||||| ||und||
050 4 |a (R)Q20 MUBA 
100 1 |a Alī Mubārak. 
245 1 0 |a تذكرة المهندسين وتبصرة الراغبين / Tadhkirat al-muhandisīn wa-tabṣirat al-rāghibīn   |c Alī Mubārak 
264 1 |a Cairo  |b Maṭbaʻat al-Madāris al-Malakīyah,  |c 1876 
300 |a 419  |c 24 
490 0 |a Harvard College Library preservation digitization program  
500 |a Publication date on t.p. 1290 (1873 or 4). Publication date in colophon shahr Dhī al-Ḥujjah 1293 (1876)  
650 4 |a Poids et mesures anciens Histoire 
650 4 |a History 
650 4 |a Ponts Conception et construction 
650 4 |a Structural engineering 
942 |2 lcc  |c BK 
999 |c 57989  |d 57989